| 000 | 00000nam##2200000za#4500 |
| 001 | 9.615802 |
| 003 | CaOODSP |
| 005 | 20210615101310 |
| 007 | ta |
| 008 | 150406|2001||||xxc||||| f|0| 0 eng|d |
| 020 | |a0-662-31129-9 |
| 040 | |aCaOODSP|beng |
| 043 | |an-cn--- |
| 086 | 1 |aH113-9/2001-4E |
| 110 | 1 |aCanada. |bPest Management Regulatory Agency. |
| 245 | 10|aEthylene: Eco Sprout Guard |
| 260 | |aOttawa - Ontario : |bHealth Canada. |c2001. |
| 300 | |a17p. ; |c28 cm. |
| 490 | 1 |aProposed registration decision |vPRDD 2001-04 |
| 563 | |aSoftcover |
| 590 | |a01-42|b2001-10-19 |
| 690 | 07|aPotatoes|2gcpds |
| 690 | 07|aAgri-food industry|2gcpds |
| 775 | 08|tÉthylène: Eco Sprout Guard |w(CaOODSP)9.625818 |
| 776 | 0#|tEthylene - Eco Sprout Guard |w(CaOODSP)9.557966 |
| 830 | #0|aProposed registration decision ;|vPRDD 2001-04|w(CaOODSP)9.514704 |